Biblioteca

Las parábolas de Jesús y el sentido de la historia (Registro nro. 51618)

Detalles MARC
000 -LÍDER
Campo fijo de descripción fija 00848aab a2200193 i 4500
001 - NÚMERO DE CONTROL
Campo de control 768714001
003 - IDENTIFICADOR DEL NÚMERO DE CONTROL
Campo de control CO-MdFUSB
005 - FECHA Y HORA DE LA ULTIMA TRANSACCIÓN
control field 20240422110321.0
008 - ELEMENTOS DE LONGITUD FIJA -- INFORMACIÓN GENERAL
Campo fijo de descripción fija -- Información general 240411t1985 ag ||||| |||| 00| 0 spa d
040 ## - FUENTE DE CATALOGACIÓN
Idioma de catalogación spa
Agencia que realiza la transcripción CO-MdFUSB
041 ## - CÓDIGO DE IDIOMA
Código de idioma para texto/pista de sonido o título separado spa
100 1# - ASIENTO PRINCIPAL--NOMBRE PERSONAL
Nombre personal Romanenghi de Powell, Elsa
Término relacionador autor
245 #4 - TÍTULO
Título Las parábolas de Jesús y el sentido de la historia
Mención de responsabilidad / Elsa Romanenghi de Powell
300 ## - DESCRIPCIÓN FÍSICA
Extensión Volumen 4, número 4 (diciembre, 1985), páginas: 118-120
Dimensiones ; 27 cm
520 ## - NOTA DE RESUMEN, ETC.
Nota de sumario, etc. Algunas de las parábolas de Jesús nos permiten ver elementos importantes del significado de la historia. De esta historia humana donde Dios nos llamó a vivir con sentido del deber.
650 #7 - ASIENTO SECUNDARIO DE MATERIA - TERMINO TEMÁTICO
Término temático o nombre geográfico como elemento de entrada Enseñanza bíblica
9 (RLIN) 1266
773 0# - ASIENTO DE ITEM FUENTE
Título Iglesia y Misión
Biblionumber 49402
Itemnumber 59687
Parte(s) relacionada(s) / Volumen., número. (mes año), páginas Volumen 4, número 4 (diciembre, 1985), páginas: 118 - 120
Enumeración y primera página página: 118
942 ## - TIPO DE MATERIAL (KOHA)
Tipo de Item KOHA Artículos de Revista

No hay ítems disponibles.

Biblioteca FUSBC | Teléfono: (57+4) 349 88 10 Ext. 141| WhatsApp (+57) 3005338115 
E-mail: biblioteca@unisbc.edu.co | Calle 76 87-14 Robledo Palenque, Medellín, Colombia

Con tecnología Koha